000 02274cam a22004814i 4500
003 PE-LiUPU
005 20250731172937.0
008 150623s r 000 0 d
020 _a080284331X
035 _a(Sirsi) i9780802843319
040 _aPE-LiUPU
_bspa
_cPE-LiUPU
_erda
049 _aPRUA
082 0 4 _a230.019
_bL56
_221
245 0 0 _aLimning the psyche :
_bexplorations in christian psychology /
_ceditado por Robert C. Roberts y Mark R. Talbot.
264 1 _aMichigan :
_bWilliam B. Eerdmans Publishing Company,
_cc1997.
300 _a373 páginas ;
_c24 centímetros
336 _atext
_2rdacontent
337 _aunmediated
_2rdamedia
338 _avolume
_2rdacarrier
504 _aIncluye bibliografía.
505 0 _aIntroduction: Christian psychology?. -A christian theory of personality. -Metaphysics and personality theory. -Therapeutic conflict resolution and the holy trinity. -Parameters of a christian psychology. -Starting from scripture. -Human Nature vs. The Hermeneutics of Love. -Human agency and its social formation. -A parental style for nurturing christian wisdom. -The meaning of agency and responsibility in light of social science research. -Attachment: bowlby and the bible. -Kenosis as a key to maturity of personality. -Sin and addiction. -Sin and psychosis. -The therapy of adversity and penitence. -Ascetic theology and psychology. -Being stuffed and being fulfilled. -Collated references. -Index.
526 _aSEG42
526 _aSEG41
526 _aSEG40
526 _aSEG39
526 _aP94
526 _aP87
526 _aP86
526 _aP85
526 _aP77
526 _aP76
526 _aP35
650 0 4 _aCristianismo
_xPsicología.
_95763
650 0 4 _aPsicología y religión.
700 1 _aRoberts, Robert Campbell,
_d1942-,
_eed.
700 1 _aTalbot, Mark R.,
_eed.
942 _2ddc
_cBOOK
949 _a230.019 L56
_wDEWEY
_c1
_i44433
_lCCODEBUL1
_mBUL
_r0
_sY
_tBOOK
_u2015-6-24
_xTEOLOGIA
_PP35
_0COMPRA
_o.STAFF. Colección General
994 _aC0
_bPEPRU
596 _a1
999 _a230.019 L56
_wDEWEY
_c21309
_i44433
_f2021-11-9
_g6
_lCCODEBUL1
_mBUL
_r0
_sY
_tBOOK
_u2015-6-24
_xTEOLOGIA
_PP35
_0COMPRA
_o.STAFF. Colección General
_d21309
980 _81
_gALBERTO SANCHEZ Responsable de Automatización